[Event "HEM 2006 A"]
[Site "Marburg"]
[Date "2006.04.11"]
[Round "4.11"]
[White "Schmidt, Dietmar"]
[Black "Alonzo, Desi"]
[Result "1-0"]
[WhiteElo "1930"]
[BlackElo "1525"]
[PlyCount "139"]
[EventDate "2006.04.08"]
[EventType "swiss"]
[EventCountry "GER"]

1. c4 c5 2. g3 g6 3. Bg2 Nc6 4. Nc3 Bg7 5. Nf3 Nf6 6. a3 O-O 7. O-O e6 8. d4
cxd4 9. Nxd4 Ne5 10. b3 a6 11. Bb2 Rb8 12. Rc1 b6 13. Qd2 Neg4 14. e3 Bb7 15.
Nde2 Bxg2 16. Kxg2 Qc7 17. f3 Qb7 18. h3 Ne5 19. e4 b5 20. Nd1 Nc6 21. c5 b4
22. a4 Rfd8 23. Ne3 Na5 24. Qd3 Ne8 25. Bxg7 Kxg7 26. Nc4 Nxc4 27. Qxc4 Rbc8
28. Qd4+ f6 29. e5 fxe5 30. Qxe5+ Kf7 31. Rc4 Qd5 32. Qxd5 exd5 33. Rxb4 Rxc5
34. Rd1 Nd6 35. Rd2 Rdc8 36. Rbd4 Nf5 37. R4d3 Rc2 38. g4 Rxd2 39. Rxd2 Ne7 40.
Nf4 Rc3 41. b4 Rb3 42. Nxd5 Nxd5 43. Rxd5 Ke6 44. Ra5 Rxb4 45. Rxa6+ d6 46. Ra8
Rb7 47. a5 g5 48. Kg3 Re7 49. f4 gxf4+ 50. Kxf4 d5 51. Ra6+ Kf7 52. Rd6 Re4+
53. Kf3 Rd4 54. Rd7+ Kg6 55. a6 h5 56. Rd6+ Kg5 57. a7 hxg4+ 58. hxg4 Rd3+ 59.
Ke2 Ra3 60. Rxd5+ Kxg4 61. Rd7 Ra2+ 62. Kd3 Kf5 63. Kc4 Ke6 64. Rh7 Kd6 65. Kb5
Rb2+ 66. Ka6 Ra2+ 67. Kb7 Rb2+ 68. Kc8 Rc2+ 69. Kb8 Rb2+ 70. Rb7 1-0

[Event "HEM 2006 A"]
[Site "Marburg"]
[Date "2006.04.11"]
[Round "4.12"]
[White "Beyertt, Torsten"]
[Black "von Kiedrowski, Klemens"]
[Result "0-1"]
[WhiteElo "1611"]
[BlackElo "2087"]
[PlyCount "86"]
[EventDate "2006.04.08"]
[EventType "swiss"]
[EventCountry "GER"]

1. d4 Nf6 2. Nf3 e6 3. Bf4 c5 4. c3 Nc6 5. e3 d5 6. Be2 Be7 7. Nbd2 a6 8. Nb3
c4 9. Nbd2 b5 10. Ne5 Bb7 11. Ndf3 O-O 12. Nxc6 Bxc6 13. Ne5 Be8 14. Ng4 Nd7
15. Qd2 g5 16. Bg3 h5 17. Ne5 Nxe5 18. Bxe5 f6 19. Bg3 h4 20. Qc2 Kg7 21. f4
Bg6 22. Qd2 hxg3 23. hxg3 Qb6 24. Kf2 Rh8 25. Rh3 b4 26. Rah1 Qa5 27. Bh5 Be4
28. Bf3 Bxf3 29. Kxf3 f5 30. Rxh8 g4+ 31. Ke2 Rxh8 32. Rxh8 Kxh8 33. Qe1 Qxa2
34. Qc1 a5 35. e4 bxc3 36. Qxc3 fxe4 37. f5 Qb3 38. Qxa5 Qxb2+ 39. Kf1 e3 40.
Kg1 Qb1+ 41. Kh2 Qxf5 42. Qe1 Qf2 43. Qf1 Bd6 0-1

[Event "HEM 2006 A"]
[Site "Marburg"]
[Date "2006.04.11"]
[Round "4.14"]
[White "Wimmer, Thomas"]
[Black "Reuter, Klaus"]
[Result "1-0"]
[WhiteElo "1956"]
[BlackElo "1496"]
[PlyCount "65"]
[EventDate "2006.04.08"]
[EventType "swiss"]
[EventCountry "GER"]

1. e4 e5 2. f4 exf4 3. Bc4 Qh4+ 4. Kf1 g5 5. Nf3 Qh5 6. Nc3 g4 7. Ng1 Bc5 8. d4
Bb6 9. Bxf4 Nc6 10. Nce2 d6 11. c3 Nf6 12. Bd3 Bd7 13. Ng3 Qa5 14. N1e2 Ne7 15.
b4 Qa4 16. Bc2 Qc6 17. d5 Qb5 18. a4 Qa6 19. Bd3 Qxd3 20. Qxd3 a5 21. b5 h5 22.
c4 h4 23. Nf5 Nxf5 24. exf5 Rh5 25. Rd1 O-O-O 26. Nd4 h3 27. g3 Bc5 28. Ke2 Ne4
29. Qxe4 Re8 30. Ne6 Bxe6 31. fxe6 fxe6 32. dxe6 Bb6 33. Qg6 1-0

[Event "HEM 2006 A"]
[Site "Marburg"]
[Date "2006.04.11"]
[Round "4.15"]
[White "Zarges, Peter"]
[Black "Hoppe, Michael"]
[Result "1/2-1/2"]
[WhiteElo "1461"]
[BlackElo "1973"]
[PlyCount "61"]
[EventDate "2006.04.08"]
[EventType "swiss"]
[EventCountry "GER"]

1. e4 c5 2. c3 d5 3. exd5 Qxd5 4. Nf3 Nc6 5. d4 Bg4 6. Be2 cxd4 7. cxd4 e6 8.
Nc3 Qa5 9. O-O Nf6 10. Be3 Bb4 11. Qc2 Bf5 12. Qb3 O-O 13. Nh4 Bg4 14. Nf3 Bxc3
15. bxc3 b6 16. h3 Bh5 17. Qc2 Bg6 18. Bd3 Bxd3 19. Qxd3 Ne7 20. Bg5 Ned5 21.
Bxf6 Nxf6 22. Rfc1 Rac8 23. c4 Rc7 24. Rc2 Rfc8 25. Rac1 h6 26. a3 Qa4 27. Rc3
Qa5 28. R3c2 Nd7 29. Qe3 Qa4 30. Qd3 Re8 31. Rc3 1/2-1/2

[Event "HEM 2006 A"]
[Site "Marburg"]
[Date "2006.04.11"]
[Round "5.1"]
[White "Gramlich, Sebastian"]
[Black "Rubel, Julian"]
[Result "1-0"]
[WhiteElo "2122"]
[BlackElo "2111"]
[PlyCount "79"]
[EventDate "2006.04.08"]
[EventType "swiss"]
[EventCountry "GER"]

1. d4 d5 2. c4 c6 3. Nc3 Nf6 4. Nf3 a6 5. e3 b5 6. c5 Bg4 7. h3 Bh5 8. g4 Bg6
9. Ne5 Qc7 10. h4 e6 11. h5 Be4 12. f3 Nxg4 13. Nxe4 Nxe5 14. Nd6+ Bxd6 15.
cxd6 Qxd6 16. dxe5 Qxe5 17. Kf2 Nd7 18. Qd4 c5 19. Qxe5 Nxe5 20. b3 f6 21. Bb2
Kf7 22. Be2 c4 23. f4 Nc6 24. Rhd1 Rhd8 25. Rab1 Rab8 26. bxc4 dxc4 27. Rxd8
Rxd8 28. a4 Rd7 29. axb5 axb5 30. Bc1 Rd5 31. e4 Rd4 32. Rxb5 e5 33. Rb7+ Kg8
34. Be3 Rxe4 35. Bf3 Rxe3 36. Kxe3 exf4+ 37. Kxf4 Ne5 38. Rc7 g5+ 39. hxg6
Nxg6+ 40. Kf5 1-0

[Event "HEM 2006 A"]
[Site "Marburg"]
[Date "2006.04.11"]
[Round "5.3"]
[White "Lange, Klaus"]
[Black "Storkebaum, Ulrike"]
[Result "1-0"]
[WhiteElo "2174"]
[BlackElo "1891"]
[PlyCount "81"]
[EventDate "2006.04.08"]
[EventType "swiss"]
[EventCountry "GER"]

1. Nf3 Nf6 2. b3 g6 3. Bb2 Bg7 4. g3 O-O 5. Bg2 d6 6. d4 a5 7. Nbd2 Nbd7 8. O-O
c5 9. e4 Nh5 10. Qe2 cxd4 11. Nxd4 Nc5 12. Nc4 Rb8 13. a4 Bd7 14. Bf3 Nf6 15.
e5 dxe5 16. Qxe5 Rc8 17. Rfe1 Re8 18. Rad1 Qc7 19. Qxc7 Rxc7 20. Nxa5 e5 21.
Nb5 Bxb5 22. axb5 Nfd7 23. Nc4 b6 24. Bc6 Re7 25. Ba3 Re6 26. Nxb6 Ra7 27. Bb4
Bf8 28. Nxd7 Nxd7 29. Bxd7 Rxd7 30. Rxd7 Bxb4 31. Re4 Bc3 32. Rd3 Ba5 33. Rd5
Bc3 34. Rc4 Bb2 35. Rc6 Re8 36. c4 Ra8 37. b6 Kg7 38. b7 Rb8 39. Rb6 e4 40. c5
f6 41. c6 1-0

[Event "HEM 2006 A"]
[Site "Marburg"]
[Date "2006.04.11"]
[Round "5.4"]
[White "Rücker, Benjamin"]
[Black "Lahr, Marcus"]
[Result "1/2-1/2"]
[WhiteElo "2229"]
[BlackElo "2073"]
[PlyCount "65"]
[EventDate "2006.04.08"]
[EventType "swiss"]
[EventCountry "GER"]

1. d4 f5 2. Nc3 Nf6 3. Bg5 d5 4. Bxf6 exf6 5. e3 Be6 6. Qf3 g6 7. Nge2 c6 8.
Nf4 Bf7 9. Bd3 Nd7 10. h3 h5 11. O-O-O Qa5 12. g4 hxg4 13. hxg4 fxg4 14. Qxg4
f5 15. Qg2 Rg8 16. Kb1 Bb4 17. Nce2 O-O-O 18. Nh3 Nf6 19. Ng5 Be8 20. Nf4 Qb6
21. Ka1 a5 22. Rh6 Ne4 23. f3 Nc3 24. Rc1 Na4 25. c3 Bf8 26. Nxg6 Bxh6 27. Ne7+
Kb8 28. Nxg8 Bxg5 29. f4 Bf7 30. b3 Rxg8 31. fxg5 Qd8 32. bxa4 Qxg5 33. Qxg5
1/2-1/2

[Event "HEM 2006 A"]
[Site "Marburg"]
[Date "2006.04.11"]
[Round "5.5"]
[White "Bender, Dirk"]
[Black "Ahrends, Norbert"]
[Result "1/2-1/2"]
[WhiteElo "2113"]
[BlackElo "2065"]
[PlyCount "44"]
[EventDate "2006.04.08"]
[EventType "swiss"]
[EventCountry "GER"]

1. c4 c6 2. Nf3 d5 3. b3 Nf6 4. g3 g6 5. Bb2 Bg7 6. Bg2 O-O 7. O-O Bf5 8. d3
Qc8 9. cxd5 cxd5 10. Nbd2 Bh3 11. Rc1 Nc6 12. Ne5 Bxg2 13. Kxg2 Qe6 14. Nxc6
bxc6 15. Nf3 Rfc8 16. Rc2 c5 17. Qa1 c4 18. Nd4 Qa6 19. dxc4 dxc4 20. bxc4 Rxc4
21. Rxc4 Qxc4 22. Rc1 Qa6 1/2-1/2

[Event "HEM 2006 A"]
[Site "Marburg"]
[Date "2006.04.11"]
[Round "5.6"]
[White "Leidorf, Sebastian"]
[Black "Rompel, Michael"]
[Result "1/2-1/2"]
[WhiteElo "1940"]
[BlackElo "2068"]
[PlyCount "50"]
[EventDate "2006.04.08"]
[EventType "swiss"]
[EventCountry "GER"]

1. e4 c5 2. Nc3 d6 3. d3 Nc6 4. g3 e5 5. f4 f5 6. Bg2 Nge7 7. Nf3 exf4 8. Bxf4
Ng6 9. Bg5 Be7 10. Bxe7 Ncxe7 11. Qd2 O-O 12. O-O f4 13. Ng5 h6 14. Nh3 f3 15.
Rxf3 Rxf3 16. Bxf3 Bxh3 17. d4 Qd7 18. Qe3 cxd4 19. Qxd4 Ne5 20. Bg2 Bxg2 21.
Kxg2 Qc6 22. Rd1 Nf5 23. Qd5+ Qxd5 24. Nxd5 Nxg3 25. hxg3 Re8 1/2-1/2

[Event "HEM 2006 A"]
[Site "Marburg"]
[Date "2006.04.11"]
[Round "5.7"]
[White "Keuth, Gerd Erich"]
[Black "Wolff, Peter"]
[Result "1/2-1/2"]
[WhiteElo "2112"]
[BlackElo "2005"]
[PlyCount "102"]
[EventDate "2006.04.08"]
[EventType "swiss"]
[EventCountry "GER"]

1. c4 c6 2. Nc3 d5 3. cxd5 cxd5 4. d4 Nf6 5. Nf3 Nc6 6. Bf4 Bf5 7. e3 e6 8. Be2
Bb4 9. O-O Ne4 10. Nxe4 Bxe4 11. Rc1 O-O 12. a3 Bxf3 13. Bxf3 Bd6 14. Bxd6 Qxd6
15. b4 a5 16. b5 Ne7 17. Qb3 b6 18. Rc3 Rac8 19. Rfc1 Qd7 20. Be2 Rxc3 21. Rxc3
Rc8 22. f3 Rxc3 23. Qxc3 Qc8 24. Qxc8+ Nxc8 25. Kf2 Kf8 26. e4 Ne7 27. Ke3 f6
28. Bd3 Kf7 29. Bc2 h6 30. Bb3 Kg6 31. Kf4 Kh5 32. g3 Kg6 33. Bc2 Kf7 34. h4
g5+ 35. hxg5 hxg5+ 36. Kg4 Kg7 37. e5 fxe5 38. dxe5 Kh6 39. f4 gxf4 40. gxf4
Kg7 41. Kg5 Kf7 42. Bb3 Ng6 43. Kg4 Ne7 44. Bc2 Ng6 45. Kf3 Nh4+ 46. Kf2 Ng6
47. Ke3 Nh4 48. Bb1 Ng2+ 49. Kf3 Nh4+ 50. Kg4 Ng6 51. Bc2 Ne7 1/2-1/2

[Event "HEM 2006 A"]
[Site "Marburg"]
[Date "2006.04.11"]
[Round "5.8"]
[White "Feicht, Arno"]
[Black "Wimmer, Thomas"]
[Result "1-0"]
[WhiteElo "2107"]
[BlackElo "1956"]
[PlyCount "156"]
[EventDate "2006.04.08"]
[EventType "swiss"]
[EventCountry "GER"]

1. e4 d6 2. d4 Nf6 3. Nc3 g6 4. Bc4 Bg7 5. f3 Nc6 6. Nge2 O-O 7. Bg5 h6 8. Be3
e5 9. Qd2 Kh7 10. O-O-O exd4 11. Nxd4 Ne5 12. Be2 a6 13. g4 b5 14. Rdg1 c5 15.
Nf5 gxf5 16. gxf5 b4 17. Rxg7+ Kxg7 18. Bxh6+ Kh7 19. Qg5 Ng6 20. Bxf8 Qxf8 21.
Qxf6 Qh6+ 22. Kd1 bxc3 23. Qxf7+ Kh8 24. Qf6+ Qg7 25. Qxg7+ Kxg7 26. fxg6 cxb2
27. Kd2 Rb8 28. Rb1 Be6 29. Kc3 d5 30. exd5 Bxd5 31. Rxb2 Re8 32. Bxa6 Re3+ 33.
Bd3 Rxf3 34. Rb5 Bxa2 35. Rxc5 Rh3 36. Kb2 Be6 37. Rc7+ Kf6 38. Rh7 Rxh7 39.
gxh7 Kg7 40. Kc3 Kh8 41. Kd4 Ba2 42. c3 Be6 43. Be4 Bd7 44. c4 Ba4 45. Ke5 Bb3
46. c5 Ba4 47. Kd6 Bb5 48. Ke7 Ba4 49. Kd8 Bb5 50. Kc7 Be8 51. Bc6 Bg6 52. Kd8
Bc2 53. Ke7 Bd3 54. Kf6 Bc2 55. Ke5 Bd1 56. h4 Be2 57. Ke4 Ba6 58. Kd4 Be2 59.
Ke5 Bd1 60. Ke4 Be2 61. Ba4 Bf1 62. Kf3 Bc4 63. Ke4 Bf1 64. Bd1 Bb5 65. Kd5 Be8
66. h5 Bd7 67. Bc2 Bg4 68. c6 Bc8 69. Kc5 Bg4 70. Bg6 Bc8 71. Kb6 Bg4 72. Be8
Bf3 73. c7 Bg4 74. Kb7 Bf5 75. Kb8 Bg4 76. Bc6 Bf5 77. Bb7 Bd7 78. Bc8 Bc6 1-0

[Event "HEM 2006 A"]
[Site "Marburg"]
[Date "2006.04.11"]
[Round "5.9"]
[White "Warnk, Torsten"]
[Black "Forgach, Andreas"]
[Result "0-1"]
[WhiteElo "2079"]
[BlackElo "2095"]
[PlyCount "104"]
[EventDate "2006.04.08"]
[EventType "swiss"]
[EventCountry "GER"]

1. d4 Nf6 2. Nf3 g6 3. c4 Bg7 4. Nc3 d6 5. e4 O-O 6. Be2 e5 7. dxe5 dxe5 8. O-O
Nbd7 9. Bg5 h6 10. Be3 Re8 11. Qd2 Ng4 12. Rad1 Nxe3 13. fxe3 c6 14. c5 Qa5 15.
Bc4 Rf8 16. Qd6 Qxc5 17. Qxc5 Nxc5 18. Nh4 Be6 19. Bxe6 Nxe6 20. Rd7 Nc5 21.
Rc7 a5 22. a3 a4 23. Nd5 cxd5 24. Rxc5 dxe4 25. Rb5 Rab8 26. Rb6 Rfc8 27. Rd1
Rc6 28. Rb4 b5 29. Rd5 Rcb6 30. b3 axb3 31. Rxb3 f5 32. g3 R8b7 33. Rd8+ Kf7
34. g4 Bf6 35. Rd5 Bxh4 36. gxf5 gxf5 37. Rxe5 Kf6 38. Rc5 Kg6 39. Rb2 Bg5 40.
Rg2 Kf6 41. Kf2 Bh4+ 42. Ke2 Rf7 43. Rg8 Ra7 44. Rf8+ Kg6 45. Rfxf5 Rxa3 46.
Rf4 Ra2+ 47. Kd1 Rxh2 48. Rxe4 Ra6 49. Rc1 Rd6+ 50. Rd4 Rxd4+ 51. exd4 Rh1+ 52.
Kc2 Rxc1+ 0-1

[Event "HEM 2006 A"]
[Site "Marburg"]
[Date "2006.04.11"]
[Round "5.11"]
[White "Schoenfelder, Michael"]
[Black "Overbeck, Christopher"]
[Result "1/2-1/2"]
[WhiteElo "1960"]
[BlackElo "1815"]
[PlyCount "34"]
[EventDate "2006.04.08"]
[EventType "swiss"]
[EventCountry "GER"]

1. d4 Nf6 2. c4 g6 3. Nc3 d5 4. e3 Bg7 5. Nf3 O-O 6. b3 c5 7. Bb2 cxd4 8. Nxd4
e5 9. Nc2 Bg4 10. Be2 Bxe2 11. Nxe2 dxc4 12. Bxe5 Nc6 13. Bc3 cxb3 14. axb3 Qc7
15. O-O Ng4 16. g3 Rfd8 17. Ncd4 Rd7 1/2-1/2

[Event "HEM 2006 A"]
[Site "Marburg"]
[Date "2006.04.11"]
[Round "5.13"]
[White "Hoppe, Michael"]
[Black "Liebert, Frank"]
[Result "1-0"]
[WhiteElo "1973"]
[BlackElo "1652"]
[PlyCount "107"]
[EventDate "2006.04.08"]
[EventType "swiss"]
[EventCountry "GER"]

1. c4 e5 2. Nc3 f5 3. d3 Nf6 4. Nf3 d6 5. Qc2 Be7 6. Nd5 Nxd5 7. cxd5 c6 8.
dxc6 Nxc6 9. g3 Bd7 10. Bg2 Rc8 11. Qb3 Na5 12. Qd1 Qc7 13. O-O O-O 14. b4 Nc6
15. Qb3+ Kh8 16. Bg5 Qd8 17. Bxe7 Qxe7 18. b5 Na5 19. Qb4 b6 20. Rac1 Be6 21.
Nxe5 Bxa2 22. Nc6 Nxc6 23. Rxc6 Rxc6 24. bxc6 Qc7 25. d4 Re8 26. Qd2 Bc4 27.
Re1 d5 28. Qg5 Rf8 29. Ra1 a5 30. Bh3 Qxc6 31. Bxf5 Qf6 32. Qxf6 Rxf6 33. Bg4
Rc6 34. Bf3 Bb3 35. e4 dxe4 36. Bxe4 Rd6 37. Rb1 a4 38. d5 g6 39. Kf1 Kg7 40.
Ke2 Bc4+ 41. Ke3 a3 42. Kd4 b5 43. Kc5 Rd8 44. Ra1 a2 45. f4 Re8 46. d6 Kf6 47.
Bc6 Rb8 48. d7 Ke7 49. Re1+ Be6 50. Bd5 a1=Q 51. Rxa1 Bxd5 52. Kxd5 Kxd7 53.
Ra7+ Ke8 54. Rxh7 1-0

[Event "HEM 2006 A"]
[Site "Marburg"]
[Date "2006.04.11"]
[Round "5.14"]
[White "Reuter, Klaus"]
[Black "Beyertt, Torsten"]
[Result "1-0"]
[WhiteElo "1496"]
[BlackElo "1611"]
[PlyCount "115"]
[EventDate "2006.04.08"]
[EventType "swiss"]
[EventCountry "GER"]

1. Nf3 c6 2. g3 d5 3. Bg2 Bf5 4. O-O Nf6 5. d4 Nbd7 6. Re1 e6 7. Bg5 Qb6 8. Qc1
c5 9. c3 h6 10. Bxf6 Nxf6 11. a4 a5 12. Nbd2 Rc8 13. e3 c4 14. Nh4 Bh7 15. e4
g5 16. e5 Nd7 17. Nhf3 Be7 18. Nf1 Qc6 19. g4 Nb6 20. Qd1 Ra8 21. Ng3 Ra6 22.
Nh5 Nd7 23. Qd2 Rb6 24. h4 Rg8 25. hxg5 hxg5 26. Nh2 Rb3 27. Qe2 Qb6 28. Ra2
Qc6 29. Qf3 b5 30. Qh3 Bg6 31. Nf3 bxa4 32. Nd2 a3 33. Ng7+ Rxg7 34. Qh8+ Bf8
35. Nxb3 cxb3 36. Rxa3 Rh7 37. Qg8 a4 38. Raa1 Nb6 39. Re3 Nc4 40. Rf3 Rg7 41.
Qh8 Nxb2 42. Rc1 a3 43. c4 Nxc4 44. Rxb3 Qa8 45. Rxc4 dxc4 46. Bxa8 cxb3 47.
Bc6+ Ke7 48. Qh3 a2 49. Qc3 f5 50. Ba4 Kd8 51. Bxb3 Rc7 52. Qb2 f4 53. Bxa2 Rc2
54. Qb6+ Ke8 55. Qxe6+ Kd8 56. Qxg6 Rxa2 57. Qxg5+ Be7 58. Qg8+ 1-0

[Event "HEM 2006 A"]
[Site "Marburg"]
[Date "2006.04.12"]
[Round "6.1"]
[White "Muth, Andreas"]
[Black "Gramlich, Sebastian"]
[Result "0-1"]
[WhiteElo "2053"]
[BlackElo "2122"]
[PlyCount "94"]
[EventDate "2006.04.08"]
[EventType "swiss"]
[EventCountry "GER"]

1. d4 d5 2. Nf3 Nc6 3. c4 Bg4 4. Nc3 Bxf3 5. exf3 e6 6. cxd5 exd5 7. Bb5 Bb4 8.
O-O Nge7 9. Bg5 f6 10. Bf4 O-O 11. Qb3 Bxc3 12. bxc3 Na5 13. Qa3 c6 14. Bd3 Rf7
15. Rae1 Nc4 16. Bxc4 dxc4 17. Re6 Nd5 18. Bd6 Rd7 19. Bg3 Re7 20. Rfe1 Rxe6
21. Rxe6 Kf7 22. Re1 Qd7 23. h3 b5 24. Re4 Re8 25. Qc1 Re6 26. Kh2 Qe7 27. Qc2
g6 28. Rh4 Kg8 29. Re4 a5 30. h4 f5 31. Rxe6 Qxe6 32. Be5 f4 33. Qc1 Qe7 34. g3
g5 35. h5 a4 36. g4 h6 37. Qc2 Qh7 38. Qc1 Qd3 39. Qa3 Qxf3 40. Qd6 Qxf2+ 41.
Kh1 Qf3+ 42. Kh2 Qg3+ 43. Kh1 Qh3+ 44. Kg1 Qxg4+ 45. Kf2 Qg3+ 46. Ke2 Nxc3+ 47.
Kf1 Qf3+ 0-1

[Event "HEM 2006 A"]
[Site "Marburg"]
[Date "2006.04.12"]
[Round "6.3"]
[White "Forgach, Andreas"]
[Black "Bietz, Fabian"]
[Result "1-0"]
[WhiteElo "2095"]
[BlackElo "2042"]
[PlyCount "59"]
[EventDate "2006.04.08"]
[EventType "swiss"]
[EventCountry "GER"]

1. e4 c5 2. Nf3 d6 3. d4 cxd4 4. Nxd4 Nf6 5. Nc3 g6 6. Bc4 Bg7 7. f3 O-O 8. Be3
Nc6 9. Qd2 Bd7 10. O-O-O Re8 11. h4 Rc8 12. Bb3 Qa5 13. Kb1 Ne5 14. g4 Nc4 15.
Bxc4 Rxc4 16. h5 Rec8 17. hxg6 fxg6 18. Nb3 Qc7 19. e5 Ne8 20. Qh2 Rxc3 21.
bxc3 Qxc3 22. Bd4 Qc4 23. exd6 exd6 24. Bxg7 Nxg7 25. Rxd6 Be6 26. Rd4 Qc3 27.
Qxh7+ Kf7 28. Qh2 Bxb3 29. Rf4+ Ke7 30. axb3 1-0

[Event "HEM 2006 A"]
[Site "Marburg"]
[Date "2006.04.12"]
[Round "6.4"]
[White "Storkebaum, Ulrike"]
[Black "Rücker, Benjamin"]
[Result "0-1"]
[WhiteElo "1891"]
[BlackElo "2229"]
[PlyCount "84"]
[EventDate "2006.04.08"]
[EventType "swiss"]
[EventCountry "GER"]

1. e4 d6 2. d4 Nf6 3. Bd3 e5 4. dxe5 dxe5 5. Nf3 Nbd7 6. Bg5 c6 7. O-O Bc5 8.
Nbd2 Qc7 9. Nb3 Be7 10. Qe2 O-O 11. Bh4 Re8 12. Bg3 Nh5 13. Nfd2 Nxg3 14. hxg3
a6 15. f4 b5 16. c4 b4 17. f5 a5 18. Nf3 a4 19. Nbd2 Bc5+ 20. Kh1 Qd6 21. Ng5
Qh6+ 22. Nh3 Bb7 23. Nf3 Qh5 24. Nh2 Qxe2 25. Bxe2 Bd4 26. Rab1 Nc5 27. Bf3 b3
28. axb3 axb3 29. Rfd1 Ra2 30. Rd2 Ba6 31. Ng1 Na4 32. Ne2 Rxb2 33. Rbxb2 Bxb2
34. Ng4 Bxc4 35. Ne3 Bxe2 36. Bxe2 Bd4 37. Nc4 b2 38. Bd3 Rb8 39. Na3 Kf8 40.
g4 Rb3 41. Nb1 Nc3 42. Kh2 Be3 0-1

[Event "HEM 2006 A"]
[Site "Marburg"]
[Date "2006.04.12"]
[Round "6.5"]
[White "Lahr, Marcus"]
[Black "Bender, Dirk"]
[Result "0-1"]
[WhiteElo "2073"]
[BlackElo "2113"]
[PlyCount "102"]
[EventDate "2006.04.08"]
[EventType "swiss"]
[EventCountry "GER"]

1. e4 c5 2. Nc3 Nc6 3. g3 g6 4. Bg2 Bg7 5. d3 e6 6. Be3 d6 7. Nge2 Nd4 8. Qd2
Ne7 9. Bxd4 cxd4 10. Nb5 Qb6 11. Qb4 O-O 12. a4 Nc6 13. Qa3 Rd8 14. O-O Bf8 15.
Qa2 Bd7 16. f4 Rac8 17. Na3 Nb4 18. Nc4 Nxa2 19. Nxb6 axb6 20. Rxa2 Rxc2 21.
Nxd4 Rd2 22. Rc1 Rxd3 23. Nf3 Bc6 24. Ne1 Rd4 25. a5 bxa5 26. Rxa5 Rb4 27. Nd3
Rb3 28. Rc3 Rxc3 29. bxc3 Bg7 30. Ra3 Rc8 31. Nb4 Bd7 32. Na2 Kf8 33. Kf2 Bb5
34. Ke3 Bc4 35. Nb4 Ke8 36. Kd2 Kd8 37. Ra7 Kc7 38. e5 d5 39. Ra1 Bf8 40. Nd3
Kc6 41. Ne1 h5 42. Nf3 Be7 43. h3 Bc5 44. Ng5 Rc7 45. Ra8 b5 46. Rb8 Ra7 47.
Bf3 Ra2+ 48. Kc1 Bd3 49. Rc8+ Kb6 50. Rb8+ Kc7 51. Rg8 Be3+ 0-1

[Event "HEM 2006 A"]
[Site "Marburg"]
[Date "2006.04.12"]
[Round "6.7"]
[White "von Kiedrowski, Klemens"]
[Black "Ahrends, Norbert"]
[Result "1-0"]
[WhiteElo "2087"]
[BlackElo "2065"]
[PlyCount "81"]
[EventDate "2006.04.08"]
[EventType "swiss"]
[EventCountry "GER"]

1. e4 c5 2. c4 Nc6 3. Nc3 Nf6 4. g3 d6 5. Bg2 g6 6. Nge2 Bg7 7. O-O O-O 8. Rb1
Be6 9. d3 Qc8 10. a3 Bh3 11. b4 Bxg2 12. Kxg2 a6 13. h3 Nd7 14. Be3 Nd4 15. Qd2
f5 16. f4 Nxe2 17. Nxe2 fxe4 18. dxe4 Nf6 19. e5 Qc6+ 20. Kh2 dxe5 21. Bxc5 Ne4
22. Qe3 Nxc5 23. bxc5 exf4 24. Nxf4 e5 25. Nd5 Kh8 26. h4 Rxf1 27. Rxf1 Qa4 28.
Nb6 Qe8 29. Nxa8 Qxa8 30. Qe4 Qc8 31. Qd5 h5 32. Rb1 Qg4 33. Rxb7 Qe2+ 34. Qg2
Qxc4 35. c6 e4 36. c7 Kh7 37. Qb2 Kh6 38. Qxg7+ Kxg7 39. c8=Q+ Qf7 40. Rxf7+
Kxf7 41. Qd7+ 1-0

[Event "HEM 2006 A"]
[Site "Marburg"]
[Date "2006.04.12"]
[Round "6.8"]
[White "Wolff, Peter"]
[Black "Leidorf, Sebastian"]
[Result "0-1"]
[WhiteElo "2005"]
[BlackElo "1940"]
[PlyCount "56"]
[EventDate "2006.04.08"]
[EventType "swiss"]
[EventCountry "GER"]

1. c4 c6 2. d4 d5 3. cxd5 cxd5 4. Nc3 Nf6 5. Nf3 Qb6 6. Bf4 Bf5 7. Na4 Qa5+ 8.
Bd2 Qd8 9. Qb3 b6 10. e3 e6 11. Bb5+ Nfd7 12. Ne5 Bd6 13. Bxd7+ Nxd7 14. Nc6
Qg5 15. Bb4 Qxg2 16. Rf1 Qxh2 17. Qa3 Bxb4+ 18. Qxb4 Qh4 19. Rc1 Rc8 20. Kd2
Bh3 21. Rfe1 Qxf2+ 22. Re2 Qf6 23. Qd6 e5 24. Qxd5 O-O 25. Rh2 Bf5 26. dxe5
Nxe5 27. Qxe5 Rxc6 28. Qf4 Rd8+ 0-1

[Event "HEM 2006 A"]
[Site "Marburg"]
[Date "2006.04.12"]
[Round "6.10"]
[White "Overbeck, Christopher"]
[Black "Warnk, Torsten"]
[Result "1/2-1/2"]
[WhiteElo "1815"]
[BlackElo "2079"]
[PlyCount "44"]
[EventDate "2006.04.08"]
[EventType "swiss"]
[EventCountry "GER"]

1. e4 e6 2. d4 d5 3. Nd2 c5 4. Ngf3 Nc6 5. exd5 Qxd5 6. Bc4 Qd8 7. O-O Nf6 8.
Nb3 cxd4 9. Nbxd4 Nxd4 10. Nxd4 a6 11. Bb3 Be7 12. c3 O-O 13. Re1 Qa5 14. Qf3
Qh5 15. Qg3 Rd8 16. Bf4 Nd5 17. Re5 Qh4 18. Bxd5 Qxg3 19. Bxg3 Rxd5 20. Rxd5
exd5 21. Re1 Kf8 22. Re5 Bf6 1/2-1/2

[Event "HEM 2006 A"]
[Site "Marburg"]
[Date "2006.04.12"]
[Round "6.11"]
[White "Hoppe, Michael"]
[Black "Schmidt, Dietmar"]
[Result "1/2-1/2"]
[WhiteElo "1973"]
[BlackElo "1930"]
[PlyCount "27"]
[EventDate "2006.04.08"]
[EventType "swiss"]
[EventCountry "GER"]

1. c4 e5 2. Nc3 Nc6 3. Nf3 f5 4. d3 Bb4 5. Bd2 Nf6 6. Qc2 a5 7. g3 d6 8. Bg2
O-O 9. O-O h6 10. Nd5 Bxd2 11. Nxf6+ Qxf6 12. Qxd2 Be6 13. Rac1 Ne7 14. Qe3
1/2-1/2

[Event "HEM 2006 A"]
[Site "Marburg"]
[Date "2006.04.12"]
[Round "6.12"]
[White "Reuter, Klaus"]
[Black "Schoenfelder, Michael"]
[Result "0-1"]
[WhiteElo "1496"]
[BlackElo "1960"]
[PlyCount "66"]
[EventDate "2006.04.08"]
[EventType "swiss"]
[EventCountry "GER"]

1. d4 Nf6 2. c4 d6 3. Nc3 g6 4. e4 Bg7 5. f3 O-O 6. Be3 c6 7. Bd3 a6 8. Nge2 e5
9. Qd2 Nbd7 10. g4 b5 11. d5 bxc4 12. Bxc4 Nb6 13. Bb3 cxd5 14. exd5 Bb7 15. h4
Rc8 16. Bg5 Qc7 17. Bxf6 Bxf6 18. Ne4 Bg7 19. Rc1 Qe7 20. N2c3 f6 21. g5 f5 22.
Ng3 Rc5 23. h5 Nc4 24. Qe2 Qxg5 25. Bxc4 Qxc1+ 26. Kf2 Qf4 27. b3 e4 28. Na4
Rc7 29. hxg6 hxg6 30. Kg2 Be5 31. Rh3 Rh7 32. Qf2 exf3+ 33. Kh2 Rxh3+ 0-1

[Event "HEM 2006 A"]
[Site "Marburg"]
[Date "2006.04.12"]
[Round "6.13"]
[White "Wimmer, Thomas"]
[Black "Zarges, Peter"]
[Result "1-0"]
[WhiteElo "1956"]
[BlackElo "1461"]
[PlyCount "60"]
[EventDate "2006.04.08"]
[EventType "swiss"]
[EventCountry "GER"]

1. e4 e5 2. f4 d6 3. Nf3 Nc6 4. Bc4 Bg4 5. c3 Be7 6. O-O Nf6 7. Qb3 O-O 8. Qxb7
Na5 9. Qa6 c6 10. Be2 Nxe4 11. b4 Qb8 12. bxa5 Bc8 13. Qxc6 Bb7 14. Qa4 Qc7 15.
Ba3 Bc6 16. Qc2 Qxa5 17. fxe5 Rab8 18. Bxd6 Nxd6 19. exd6 Bxd6 20. d4 Rfe8 21.
Bd3 Qh5 22. Nbd2 Re3 23. h3 Rbe8 24. Nc4 Rxf3 25. Rxf3 Bxf3 26. Nxd6 Re6 27.
Rf1 Rxd6 28. Rxf3 Re6 29. Bc4 Re7 30. Qb3 h6 1-0

[Event "HEM 2006 A"]
[Site "Marburg"]
[Date "2006.04.12"]
[Round "6.14"]
[White "Althoff, Guntram"]
[Black "Alonzo, Desi"]
[Result "1-0"]
[WhiteElo "2080"]
[BlackElo "1525"]
[PlyCount "49"]
[EventDate "2006.04.08"]
[EventType "swiss"]
[EventCountry "GER"]

1. b4 Nf6 2. Bb2 g6 3. c4 Bg7 4. d4 d6 5. Nd2 c6 6. e4 O-O 7. Be2 Re8 8. f4 h5
9. h3 e6 10. g4 d5 11. e5 Nfd7 12. Ngf3 hxg4 13. hxg4 f5 14. Ng5 Re7 15. Qb3
Kf8 16. Qh3 Ke8 17. Nh7 Rf7 18. gxf5 Rxf5 19. Qg4 Nf8 20. Bd3 Kf7 21. Bxf5 exf5
22. Qg3 Nxh7 23. Rxh7 Qg8 24. Nf3 Nd7 25. e6+ 1-0

[Event "HEM 2006 A"]
[Site "Marburg"]
[Date "2006.04.12"]
[Round "6.15"]
[White "Michel, Stephan"]
[Black "Liebert, Frank"]
[Result "1/2-1/2"]
[WhiteElo "1902"]
[BlackElo "1652"]
[PlyCount "42"]
[EventDate "2006.04.08"]
[EventType "swiss"]
[EventCountry "GER"]

1. e4 e6 2. Nf3 d5 3. Nc3 d4 4. Ne2 c5 5. c3 Nc6 6. cxd4 cxd4 7. Qa4 Bc5 8. b4
Bb6 9. b5 Nce7 10. Nexd4 Bd7 11. Be2 Nf6 12. O-O O-O 13. d3 Ng6 14. Qb3 e5 15.
Nc2 Be6 16. Qb2 Qc7 17. Be3 Ba5 18. Rac1 Qd6 19. Na1 Bb4 20. Nc2 Ba5 21. Na1
Bb4 1/2-1/2